Clara Porset (Record no. 909)
[ view plain ]
| 000 -CABECERA | |
|---|---|
| campo de control de longitud fija | 00799nam a2200241 a 4500 |
| 001 - NÚMERO DE CONTROL | |
| campo de control | BRCA_1030 |
| 005 - FECHA Y HORA DE LA ÚLTIMA TRANSACCIÓN | |
| campo de control | 20190320203241.0 |
| 008 - DATOS DE LONGITUD FIJA--INFORMACIÓN GENERAL | |
| campo de control de longitud fija | 060417s2005 cu-a---###---#000-0#spa-d |
| 020 ## - NÚMERO INTERNACIONAL ESTÁNDAR DEL LIBRO | |
| Número Internacional Estándar del Libro | 9591010516 |
| 041 ## - CÓDIGO DE LENGUA | |
| Código de lengua del texto/banda sonora o título independiente | spa |
| 044 ## - CÓDIGO DEL PAÍS DE LA ENTIDAD EDITORA/PRODUCTORA | |
| Código MARC del país | CU |
| 050 #4 - SIGNATURA TOPOGRÁFICA DE LA BIBLIOTECA DEL CONGRESO | |
| Número de clasificación | NK2446.P6 |
| Número de documento/Ítem | .C53 2005 |
| 245 10 - MENCIÓN DE TÍTULO | |
| Título | Clara Porset |
| Resto del título | diseño y cultura |
| Mención de responsabilidad, etc. | selección y prólogo de Jorge R. Bermúdez. |
| 260 ## - PUBLICACIÓN, DISTRIBUCIÓN, ETC. | |
| Lugar de publicación, distribución, etc. | La Habana, Cuba |
| Nombre del editor, distribuidor, etc. | Letras Cubanas |
| Fecha de publicación, distribución, etc. | 2005 |
| 300 ## - DESCRIPCIÓN FÍSICA | |
| Extensión | 89 p. |
| Otras características físicas | il. |
| Dimensiones | 21 cm. |
| 500 ## - NOTA GENERAL | |
| Nota general | Incluye cronología |
| 600 14 - PUNTO DE ACCESO ADICIONAL DE MATERIA--NOMBRE DE PERSONA | |
| Nombre de persona | Porset, Clara |
| Fechas asociadas al nombre | 1895-1981 |
| Subdivisión general | Crítica e interpretación |
| 9 (RLIN) | 3386 |
| 650 14 - PUNTO DE ACCESO ADICIONAL DE MATERIA--TÉRMINO DE MATERIA | |
| Término de materia o nombre geográfico como elemento de entrada | Diseñadores de muebles |
| Subdivisión de forma | Biografía |
| Subdivisión geográfica | México |
| 9 (RLIN) | 3387 |
| 650 14 - PUNTO DE ACCESO ADICIONAL DE MATERIA--TÉRMINO DE MATERIA | |
| Término de materia o nombre geográfico como elemento de entrada | Diseñadores industriales |
| Subdivisión de forma | Biografía |
| Subdivisión geográfica | Cuba |
| 9 (RLIN) | 3388 |
| 700 1# - PUNTO DE ACCESO ADICIONAL--NOMBRE DE PERSONA | |
| Nombre de persona | Porset, Clara |
| Fechas asociadas al nombre | 1895 - 1981 |
| 9 (RLIN) | 3389 |
| 700 1# - PUNTO DE ACCESO ADICIONAL--NOMBRE DE PERSONA | |
| Nombre de persona | Bermúdez, Jorge R. |
| 9 (RLIN) | 1432 |
| 942 ## - ELEMENTOS DE PUNTO DE ACCESO ADICIONAL (KOHA) | |
| Fuente del sistema de clasificación o colocación | Library of Congress Classification |
| Tipo de ítem Koha | Libros |
| Estado de retiro | Estado de pérdida | Estado dañado | No para préstamo | Localización permanente | Ubicación/localización actual | Fecha de adquisición | Total de préstamos | Signatura topográfica completa | Código de barras | Fecha visto por última vez | Precio válido a partir de | Tipo de ítem Koha |
|---|---|---|---|---|---|---|---|---|---|---|---|---|
| El ejemplar forma parte de la colección y puede ser consultado según las políticas vigentes. | Biblioteca del Museo Franz Mayer (Rogerio Casas-Alatriste) | Biblioteca del Museo Franz Mayer (Rogerio Casas-Alatriste) | 26/06/2008 | NK2446.P6 .C53 2005 | 01518 | 22/03/2019 | 22/03/2019 | Libros |